Marketing (Record no. 521001)

MARC details
000 -LEADER
fixed length control field 00715nam a2200265Ia 4500
003 - CONTROL NUMBER IDENTIFIER
control field OSt
005 - DATE AND TIME OF LATEST TRANSACTION
control field 20220925192119.0
008 - FIXED-LENGTH DATA ELEMENTS--GENERAL INFORMATION
fixed length control field 220923b |||||||| |||| 00| 0 eng d
020 ## - INTERNATIONAL STANDARD BOOK NUMBER
International Standard Book Number 0395790050
037 ## - SOURCE OF ACQUISITION
Terms of availability General Book
040 ## - CATALOGING SOURCE
Original cataloging agency RTL
Transcribing agency RTL
Language of cataloging eng
041 ## - LANGUAGE CODE
Source of code eng
Language code of text/sound track or separate title eng
100 ## - MAIN ENTRY--PERSONAL NAME
Personal name Dibb Sally and others
9 (RLIN) 243978
245 #0 - TITLE STATEMENT
Title Marketing
Remainder of title Concepts and strategies
250 ## - EDITION STATEMENT
Edition statement 3rd
260 ## - PUBLICATION, DISTRIBUTION, ETC.
Place of publication, distribution, etc. Boston
Name of publisher, distributor, etc. Houghton Mifflin
Date of publication, distribution, etc. 1997
300 ## - PHYSICAL DESCRIPTION
Extent xxi,842p
Dimensions cm.
500 ## - GENERAL NOTE
General note Appendix: p 767-95
650 ## - SUBJECT ADDED ENTRY--TOPICAL TERM
Topical term or geographic name entry element Marketing
9 (RLIN) 15998
942 ## - ADDED ENTRY ELEMENTS (KOHA)
Classification part X:51, N7
Koha item type General Books
Source of classification or shelving scheme Colon Classification (CC)

No items available.

Copyright @ Delhi University Library System